[Event "Wch U20 Girls 35th"]
[Site "Tarvisio"]
[Date "2017.11.24"]
[Round "10"]
[White "Lasya, Goli"]
[Black "Vaishali, Ramesh Babu"]
[Result "0-1"]
[WhiteElo "2087"]
[BlackElo "2325"]
[PlyCount "76"]
[EventDate "2017.11.13"]
[EventType "swiss"]
[EventRounds "11"]
[EventCountry "ITA"]
[SourceTitle "CBM 181 Extra"]
[Source "ChessBase"]
[SourceDate "2017.12.12"]
[SourceVersion "1"]
[SourceVersionDate "2017.12.12"]
[SourceQuality "1"]

1. e4 e5 2. Nc3 Nf6 3. g3 d5 4. exd5 Nxd5 5. Bg2 Nxc3 6. bxc3 Bd6 7. Ne2 c6 8. d4 Nd7 9. 0-0 0-0 10. a4 a5 11. Be3 Re8 12. Nc1 exd4 13. cxd4 Nb6 14. Nd3 Bf5 15. c3 Nd5 16. Qd2 Be4 17. Rfe1 Bxg2 18. Kxg2 b5 19. Qc2 h5 20. Bd2 Qd7 21. Rxe8+ Rxe8 22. Re1 h4 23. axb5 cxb5 24. Rxe8+ Qxe8 25. Ne1 Qe2 26. Qf5 h3+ 27. Kxh3 Qxd2 28. Nf3 Qh6+ 29. Kg2 Qe6 30. Qd3 a4 31. Qxb5 Nxc3 32. Qc6 Bb4 33. Qa8+ Bf8 34. h4 a3 35. Qa5 Qc6 36. h5 a2 37. d5 Qa4 38. Qxc3 a1Q 0-1

[Event "Wch U20 Girls 35th"]
[Site "Tarvisio"]
[Date "2017.11.19"]
[Round "6"]
[White "Lasya, Goli"]
[Black "Janzelj, Lara"]
[Result "0-1"]
[WhiteElo "2087"]
[BlackElo "2192"]
[PlyCount "74"]
[EventDate "2017.11.13"]
[EventType "swiss"]
[EventRounds "11"]
[EventCountry "ITA"]
[SourceTitle "CBM 181 Extra"]
[Source "ChessBase"]
[SourceDate "2017.12.12"]
[SourceVersion "1"]
[SourceVersionDate "2017.12.12"]
[SourceQuality "1"]

1. e4 e5 2. Nf3 Nc6 3. Bb5 a6 4. Ba4 b5 5. Bb3 g6 6. d4 exd4 7. Nxd4 Na5 8. 0-0 Bg7 9. c3 Nxb3 10. axb3 Bb7 11. b4 Ne7 12. Re1 d6 13. Bg5 h6 14. Bh4 0-0 15. Nb3 g5 16. Na5 Bc8 17. Bg3 Be6 18. Nd2 Qd7 19. Nf3 f5 20. exf5 Nxf5 21. Nd4 Nxd4 22. cxd4 Bd5 23. Qd2 Rae8 24. h3 Rf7 25. Rxe8+ Qxe8 26. Re1 Re7 27. Re3 Re4 28. Qc3 h5 29. h4 Qg6 30. hxg5 h4 31. Qxc7 hxg3 32. Qc1 Bf8 33. Rxg3 Rh4 34. Rh3 Be6 35. Qc3 Bxh3 36. Nc6 Qb1+ 37. Kh2 Bxg2+ 0-1

[Event "Wch U20 Girls 35th"]
[Site "Tarvisio"]
[Date "2017.11.16"]
[Round "4"]
[White "Lasya, Goli"]
[Black "Chernyak, Viktoria"]
[Result "1/2-1/2"]
[WhiteElo "2087"]
[BlackElo "2236"]
[PlyCount "97"]
[EventDate "2017.11.13"]
[EventType "swiss"]
[EventRounds "11"]
[EventCountry "ITA"]
[SourceTitle "CBM 181 Extra"]
[Source "ChessBase"]
[SourceDate "2017.12.12"]
[SourceVersion "1"]
[SourceVersionDate "2017.12.12"]
[SourceQuality "1"]

1. c4 Nf6 2. g3 c6 3. Bg2 d5 4. cxd5 cxd5 5. Nf3 Nc6 6. 0-0 h6 7. d4 Bf5 8. Nc3 e6 9. Bf4 Nh5 10. Be3 Bd6 11. a3 0-0 12. b4 Rc8 13. Na4 b6 14. Rc1 Qd7 15. Qb3 Be4 16. Nc3 Bh7 17. Ne1 Bb8 18. Nd3 Bxd3 19. exd3 Nf6 20. Ne2 Ne7 21. Bd2 Rfd8 22. b5 Ne8 23. a4 Bd6 24. Qb2 Kh7 25. Nc3 Nf5 26. Na2 Be7 27. Bh3 g6 28. Nb4 Bxb4 29. Qxb4 Ned6 30. Bf4 Qe7 31. Qd2 g5 32. Bxd6 Nxd6 33. f4 Rxc1 34. Rxc1 Rc8 35. Rxc8 Nxc8 36. f5 Qf6 37. Qf2 Kg7 38. fxe6 fxe6 39. Qe3 Kf7 40. Bg4 Nd6 41. Qe5 Qxe5 42. dxe5 Nb7 43. d4 Na5 44. Kf2 Nc4 45. Ke2 Nb2 46. Kd2 Nc4+ 47. Kd3 Nb2+ 48. Kc2 Nc4 49. Kd3 1/2-1/2

[Event "Wch U20 Girls 35th"]
[Site "Tarvisio"]
[Date "2017.11.15"]
[Round "3"]
[White "Kiolbasa, Oliwia"]
[Black "Lasya, Goli"]
[Result "1/2-1/2"]
[WhiteElo "2206"]
[BlackElo "2087"]
[PlyCount "185"]
[EventDate "2017.11.13"]
[EventType "swiss"]
[EventRounds "11"]
[EventCountry "ITA"]
[SourceTitle "CBM 181 Extra"]
[Source "ChessBase"]
[SourceDate "2017.12.12"]
[SourceVersion "1"]
[SourceVersionDate "2017.12.12"]
[SourceQuality "1"]

1. e4 e6 2. d4 d5 3. Nc3 dxe4 4. Nxe4 Bd7 5. Nf3 Bc6 6. Bd3 Nd7 7. 0-0 Ngf6 8. Qe2 Be7 9. Bd2 Nxe4 10. Bxe4 Bxe4 11. Qxe4 c6 12. c4 0-0 13. Rad1 Re8 14. Bc3 Bf8 15. Rfe1 Nb6 16. b3 Nd7 17. h3 Rc8 18. Qd3 a6 19. Qd2 h6 20. Ba5 b6 21. Bc3 Qc7 22. Re3 Bd6 23. Ne5 Rcd8 24. Rd3 Nf6 25. Qe3 Rc8 26. Qf3 Nh7 27. Qh5 f5 28. Qe2 Nf6 29. Nf3 Ne4 30. Bb2 b5 31. Nd2 Nf6 32. Re3 Kf7 33. Nf3 Ne4 34. Ne5+ Bxe5 35. dxe5 Rcd8 36. cxb5 Rxd1+ 37. Qxd1 Rd8 38. Rd3 Rxd3 39. Qxd3 cxb5 40. Qd4 g5 41. Qd3 b4 42. a3 bxa3 43. Bxa3 Qa7 44. Kh2 Qc7 45. Qd4 Kg6 46. f3 Qc3 47. Qxc3 Nxc3 48. g4 Nd5 49. Bc5 Nf4 50. Kg3 Nd3 51. Bd6 a5 52. Bc7 Nc5 53. Bxa5 Nxb3 54. Bd8 Nd4 55. Be7 Nc6 56. Bd6 Nd4 57. Be7 Ne2+ 58. Kf2 Nf4 59. Kg3 Nd3 60. Bd6 h5 61. Bc7 h4+ 62. Kg2 Nf4+ 63. Kh2 Nd5 64. Bd6 Kf7 65. Kg2 Ke8 66. Kh2 Ne3 67. Bb4 f4 68. Kg1 Nc4 69. Bc3 Kd7 70. Kf2 Kc6 71. Ke2 Kd5 72. Kf2 Nxe5 73. Ke2 Nf7 74. Bf6 e5 75. Kd3 Ke6 76. Bg7 Nd6 77. Bh6 Kf6 78. Bf8 Ne8 79. Ke4 Ke6 80. Bh6 Nd6+ 81. Kd3 Nf7 82. Bf8 Nd8 83. Ke4 Nb7 84. Kd3 Na5 85. Bh6 Kf6 86. Bf8 Nb3 87. Bb4 Ke6 88. Ke4 Nd4 89. Bc3 Nc6 90. Bb2 Kd6 91. Bc3 Ke6 92. Bb2 Kd6 93. Bc3 1/2-1/2

[Event "IND-ch U19 Girls 46th"]
[Site "Rajahmundry"]
[Date "2016.10.16"]
[Round "11"]
[White "Lasya, Goli"]
[Black "Priyanka, K."]
[Result "1-0"]
[WhiteElo "2106"]
[BlackElo "2205"]
[PlyCount "117"]
[EventDate "2016.10.08"]
[EventType "swiss"]
[EventRounds "11"]
[EventCountry "IND"]
[SourceTitle "CBM 175 Extra"]
[Source "ChessBase"]
[SourceDate "2016.12.12"]
[SourceVersion "1"]
[SourceVersionDate "2016.12.12"]
[SourceQuality "1"]

1. c4 Nf6 2. Nc3 g6 3. g3 Bg7 4. Bg2 d6 5. e4 0-0 6. Nge2 e5 7. 0-0 Nc6 8. d3 Ne8 9. Be3 Be6 10. Rc1 f5 11. exf5 gxf5 12. f4 Nf6 13. h3 Qe8 14. Nd5 Qf7 15. Nec3 a6 16. Kh2 Nd4 17. Nxf6+ Bxf6 18. Nd5 Bg7 19. fxe5 dxe5 20. Bxd4 exd4 21. Nf4 c6 22. Bf3 Qf6 23. Bh5 Bh6 24. Rc2 Bf7 25. Bxf7+ Qxf7 26. Rcf2 Rae8 27. Ng2 Be3 28. Rf3 Qh5 29. Qb3 Re7 30. g4 Qe8 31. gxf5 Qb8+ 32. Kh1 Rf6 33. c5+ Kh8 34. Re1 Qe8 35. Nxe3 Rxe3 36. Rfxe3 dxe3 37. Qc3 Qe7 38. Rxe3 Qxe3 39. Qxf6+ Kg8 40. Qe6+ Qxe6 41. fxe6 Kf8 42. Kg2 Ke7 43. Kf3 Kxe6 44. Ke4 Kf6 45. b4 Kg5 46. Kf3 Kf5 47. Ke3 Kg5 48. d4 Kh4 49. a4 Kxh3 50. d5 cxd5 51. b5 axb5 52. axb5 d4+ 53. Kxd4 h5 54. c6 bxc6 55. bxc6 h4 56. c7 Kg2 57. c8Q h3 58. Qg4+ Kh2 59. Ke3 1-0

[Event "IND-ch U19 Girls 46th"]
[Site "Rajahmundry"]
[Date "2016.10.12"]
[Round "6"]
[White "Lasya, Goli"]
[Black "Vaishali, Ramesh Babu"]
[Result "0-1"]
[WhiteElo "2106"]
[BlackElo "2295"]
[PlyCount "86"]
[EventDate "2016.10.08"]
[EventType "swiss"]
[EventRounds "11"]
[EventCountry "IND"]
[SourceTitle "CBM 175 Extra"]
[Source "ChessBase"]
[SourceDate "2016.12.12"]
[SourceVersion "1"]
[SourceVersionDate "2016.12.12"]
[SourceQuality "1"]

1. e4 e5 2. Nf3 Nc6 3. Bc4 Nf6 4. d3 Bc5 5. c3 d6 6. Bb3 a6 7. h3 Ba7 8. Nbd2 h6 9. Nf1 Ne7 10. Ng3 Ng6 11. d4 0-0 12. 0-0 Re8 13. Re1 b5 14. Bc2 Bb7 15. dxe5 Nxe5 16. Nxe5 Rxe5 17. Bf4 Re6 18. Qf3 Nd7 19. Bb3 Rg6 20. Bxd6 Rf6 21. Bf4 Ne5 22. Qh5 Nd3 23. Be3 Nxe1 24. Bxa7 Rxa7 25. Rxe1 Qd2 26. Re2 Qc1+ 27. Kh2 Qg5 28. Qxg5 hxg5 29. e5 Rf4 30. Rd2 g6 31. f3 Kf8 32. Rd7 Bc6 33. Rd2 Ke7 34. Ne2 Rh4 35. Nd4 Bd7 36. Bd5 c5 37. Nb3 Rc7 38. c4 bxc4 39. Na5 Rd4 40. Nxc4 Bb5 41. Rxd4 cxd4 42. Na3 d3 43. Bb3 Rc1 0-1

[Event "IND-ch U19 Girls 46th"]
[Site "Rajahmundry"]
[Date "2016.10.09"]
[Round "2"]
[White "Bommini, Mounika Akshaya"]
[Black "Lasya, Goli"]
[Result "1/2-1/2"]
[WhiteElo "1746"]
[BlackElo "2106"]
[PlyCount "127"]
[EventDate "2016.10.08"]
[EventType "swiss"]
[EventRounds "11"]
[EventCountry "IND"]
[SourceTitle "CBM 175 Extra"]
[Source "ChessBase"]
[SourceDate "2016.12.12"]
[SourceVersion "1"]
[SourceVersionDate "2016.12.12"]
[SourceQuality "1"]

1. e4 c5 2. f4 d5 3. exd5 Nf6 4. Bb5+ Nbd7 5. c4 a6 6. Bxd7+ Bxd7 7. Nf3 e6 8. dxe6 Bxe6 9. d3 Be7 10. 0-0 0-0 11. Nc3 Qc7 12. Ne5 Rad8 13. Qf3 Bd6 14. Re1 Rfe8 15. Bd2 Bf5 16. g4 Bc8 17. Qg3 Be6 18. h3 Bxe5 19. fxe5 Bxc4 20. Qf2 Rxd3 21. b3 Nd5 22. bxc4 Nxc3 23. Re3 Rxe3 24. Qxe3 Na4 25. Re1 b5 26. Qe2 Qc6 27. Rb1 b4 28. Re1 Nb6 29. Qd3 Qe6 30. Re4 f5 31. gxf5 Qxf5 32. e6 h6 33. e7 Nd7 34. Qe3 Nf6 35. Rf4 Qb1+ 36. Kh2 Kf7 37. Qxc5 Rxe7 38. Rf2 Qd3 39. Bxb4 Re2 40. Rxe2 Qxe2+ 41. Kg1 Qxa2 42. Qc7+ Kg6 43. Qg3+ Kh7 44. Qd3+ Kh8 45. Bc3 Qa3 46. Qd8+ Ng8 47. Qd4 Qc1+ 48. Kh2 Qc2+ 49. Kh1 Nf6 50. Qd8+ Kh7 51. Bxf6 Qe4+ 52. Kg1 gxf6 53. Qc7+ Kg6 54. c5 Qe3+ 55. Kg2 Qd2+ 56. Kg1 a5 57. c6 a4 58. Qd7 Qc1+ 59. Kg2 Qc2+ 60. Kg3 Qc3+ 61. Kg2 a3 62. c7 a2 63. Qg4+ Kf7 64. Qd7+ 1/2-1/2

[Event "Wch U20 Girls 34th"]
[Site "Bhubaneswar"]
[Date "2016.08.14"]
[Round "7"]
[White "Lasya, Goli"]
[Black "Injac, Teodora"]
[Result "0-1"]
[WhiteElo "2084"]
[BlackElo "2252"]
[PlyCount "116"]
[EventDate "2016.08.08"]
[EventType "swiss"]
[EventRounds "13"]
[EventCountry "IND"]
[SourceTitle "CBM 173 Extra"]
[Source "ChessBase"]
[SourceDate "2016.08.29"]
[SourceVersion "1"]
[SourceVersionDate "2016.08.29"]
[SourceQuality "1"]

1. e4 e6 2. Qe2 c5 3. Nf3 Nc6 4. g3 d6 5. Bg2 Be7 6. c3 Nf6 7. 0-0 0-0 8. d4 cxd4 9. cxd4 d5 10. e5 Ne4 11. Nbd2 Nxd2 12. Bxd2 Qb6 13. Be3 Bd7 14. Rfd1 Rac8 15. h4 Nb4 16. Bg5 Bxg5 17. hxg5 a5 18. Bf1 Rc2 19. Rd2 Rfc8 20. a3 Rxd2 21. Qxd2 Nc6 22. Kg2 Ne7 23. Bd3 Bb5 24. Bc2 Qc7 25. Bd3 Bxd3 26. Qxd3 Qc4 27. Qd2 b6 28. b4 a4 29. Rh1 Qc2 30. g6 Nxg6 31. Qg5 h6 32. Qg4 Qf5 33. Qxf5 exf5 34. Re1 Nf8 35. Re3 Ne6 36. Kf1 Rc4 37. Rd3 g5 38. Ke2 Kf8 39. Nd2 Rc1 40. Nf1 f4 41. Nd2 h5 42. Nf3 g4 43. Nh4 f3+ 44. Kd2 Rf1 45. Ke3 Re1+ 46. Kd2 Re2+ 47. Kd1 Ng5 48. Rd2 Rxd2+ 49. Kxd2 Ne4+ 50. Ke1 Nc3 51. Nf5 Nb5 52. Ne3 Nxa3 53. Kd1 Nb5 54. Nxd5 Nxd4 55. Nxb6 a3 56. Kc1 h4 57. Nd7+ Ke7 58. gxh4 g3 0-1

[Event "IND-ch Challengers (Women) 43rd"]
[Site "Chennai"]
[Date "2016.06.24"]
[Round "10"]
[White "Lasya, Goli"]
[Black "Arpita, Mukherjee"]
[Result "1/2-1/2"]
[WhiteElo "2084"]
[BlackElo "1910"]
[PlyCount "61"]
[EventDate "2016.06.17"]
[EventType "swiss"]
[EventRounds "11"]
[EventCountry "IND"]
[SourceTitle "CBM 173 Extra"]
[Source "ChessBase"]
[SourceDate "2016.08.29"]
[SourceVersion "1"]
[SourceVersionDate "2016.08.29"]
[SourceQuality "1"]

1. e4 e5 2. Nf3 Nc6 3. Bb5 a6 4. Ba4 Nf6 5. 0-0 Be7 6. Re1 b5 7. Bb3 d6 8. c3 0-0 9. h3 Na5 10. Bc2 d5 11. d3 dxe4 12. dxe4 Qxd1 13. Rxd1 Bb7 14. Re1 Nd7 15. Nbd2 Rfd8 16. Nf1 f6 17. a4 Nb6 18. axb5 axb5 19. Be3 Nac4 20. b3 Nxe3 21. Nxe3 b4 22. c4 Nd7 23. Red1 Rxa1 24. Rxa1 Bc5 25. Nd5 c6 26. Ne3 Nf8 27. Kf1 Ne6 28. Ne1 Bd4 29. Ra4 Nc5 30. Ra5 Ra8 31. Rxa8+ 1/2-1/2

[Event "IND-ch Challengers (Women) 43rd"]
[Site "Chennai"]
[Date "2016.06.20"]
[Round "6"]
[White "Lasya, Goli"]
[Black "Gomes, Mary Ann"]
[Result "1/2-1/2"]
[WhiteElo "2084"]
[BlackElo "2304"]
[PlyCount "48"]
[EventDate "2016.06.17"]
[EventType "swiss"]
[EventRounds "11"]
[EventCountry "IND"]
[SourceTitle "CBM 173 Extra"]
[Source "ChessBase"]
[SourceDate "2016.08.29"]
[SourceVersion "1"]
[SourceVersionDate "2016.08.29"]
[SourceQuality "1"]

1. Nf3 Nf6 2. g3 b5 3. a4 b4 4. Bg2 Bb7 5. d3 d5 6. Nbd2 e6 7. e4 dxe4 8. Ng5 Bc6 9. Ngxe4 Nxe4 10. dxe4 Nd7 11. Qe2 Nc5 12. 0-0 Nxa4 13. Nb3 e5 14. Na5 Bd7 15. Nc4 Bd6 16. Rd1 0-0 17. Nxd6 cxd6 18. Qa6 Nb6 19. Be3 Bg4 20. f3 Be6 21. b3 h6 22. Qb7 Qd7 23. Qxd7 Nxd7 24. Rxd6 Rfc8 1/2-1/2

[Event "IND-ch U19 Girls"]
[Site "Dindigul"]
[Date "2015.07.29"]
[Round "9"]
[White "Harshita, Guddanti"]
[Black "Lasya, Goli"]
[Result "1-0"]
[WhiteElo "1785"]
[BlackElo "1955"]
[PlyCount "65"]
[EventDate "2015.07.23"]
[EventType "swiss"]
[EventRounds "11"]
[EventCountry "IND"]
[SourceTitle "EXT 2016"]
[Source "ChessBase"]
[SourceDate "2015.10.08"]
[SourceVersion "1"]
[SourceVersionDate "2015.10.08"]
[SourceQuality "1"]

1. e4 c5 2. Nf3 d6 3. d4 cxd4 4. Nxd4 Nf6 5. Nc3 a6 6. Be2 e5 7. Nb3 Be7 8. Be3 Be6 9. 0-0 Nbd7 10. f4 Rc8 11. f5 Bc4 12. Bd3 b5 13. a3 Bxd3 14. cxd3 h5 15. h3 Nb6 16. Kh1 h4 17. Qf3 Nbd7 18. d4 Rc4 19. Qf2 b4 20. axb4 Rxb4 21. Na5 Qa8 22. Rfc1 Rb8 23. dxe5 Nxe5 24. Rd1 Nxe4 25. Nxe4 Qxe4 26. Bc5 Rb5 27. Re1 Qd5 28. Bxd6 Qxd6 29. Nc4 Qb8 30. Nxe5 0-0 31. Nd7 Qb7 32. Nxf8 Kxf8 33. Qe2 1-0

[Event "IND-ch U17 Girls 25th"]
[Site "Bihar"]
[Date "2014.12.10"]
[Round "11"]
[White "Arpita, Mukherjee"]
[Black "Lasya, Goli"]
[Result "1/2-1/2"]
[WhiteElo "1919"]
[BlackElo "2023"]
[PlyCount "25"]
[EventDate "2014.12.02"]
[EventType "swiss"]
[EventRounds "11"]
[EventCountry "IND"]
[SourceTitle "EXT 2016"]
[Source "ChessBase"]
[SourceDate "2015.10.08"]
[SourceVersion "1"]
[SourceVersionDate "2015.10.08"]
[SourceQuality "1"]

1. e4 c5 2. Nc3 d6 3. f4 g6 4. Nf3 Bg7 5. Bb5+ Bd7 6. Bc4 Nc6 7. d3 a6 8. 0-0 b5 9. b3 Nf6 10. Qe1 b4 11. Ne2 e6 12. f5 Qb6 13. Kh1 1/2-1/2

[Event "IND-ch U17 Girls 25th"]
[Site "Bihar"]
[Date "2014.12.08"]
[Round "9"]
[White "Chitlange, Sakshi"]
[Black "Lasya, Goli"]
[Result "0-1"]
[WhiteElo "1929"]
[BlackElo "2023"]
[PlyCount "80"]
[EventDate "2014.12.02"]
[EventType "swiss"]
[EventRounds "11"]
[EventCountry "IND"]
[SourceTitle "EXT 2016"]
[Source "ChessBase"]
[SourceDate "2015.10.08"]
[SourceVersion "1"]
[SourceVersionDate "2015.10.08"]
[SourceQuality "1"]

1. d4 f5 2. Nc3 Nf6 3. Bg5 d5 4. e3 e6 5. Nf3 c5 6. Be2 Nc6 7. 0-0 Be7 8. dxc5 0-0 9. a3 Ne4 10. Bxe7 Qxe7 11. Nxe4 fxe4 12. Nd4 Rf6 13. Nxc6 bxc6 14. b4 Rh6 15. h3 Rg6 16. Kh2 e5 17. g3 Be6 18. f4 exf3 19. Rxf3 Rh6 20. g4 Bxg4 21. Rg3 Be6 22. Qg1 Kh8 23. a4 Qh4 24. Bf1 Qxb4 25. Qf2 Qxc5 26. Rb1 Rf6 27. Qg2 Raf8 28. Kh1 Rf2 29. Qg1 Qxc2 30. Bg2 R2f7 31. a5 Qa4 32. Ra1 Qh4 33. Kh2 c5 34. Rc1 c4 35. Qe1 Rf2 36. Rb1 Qf6 37. Rb7 g6 38. Rxa7 e4 39. Qb4 Qe5 40. a6 Bxh3 0-1

[Event "IND-chB (Women) 41st"]
[Site "Mapusa"]
[Date "2014.09.11"]
[Round "7"]
[White "Smaraki, Mohanty"]
[Black "Lasya, Goli"]
[Result "0-1"]
[WhiteElo "1806"]
[BlackElo "2069"]
[PlyCount "60"]
[EventDate "2014.09.07"]
[EventType "swiss"]
[EventRounds "11"]
[EventCountry "IND"]
[SourceTitle "CBM 162 Extra"]
[Source "ChessBase"]
[SourceDate "2014.10.17"]
[SourceVersion "1"]
[SourceVersionDate "2014.10.17"]
[SourceQuality "1"]

1. c4 e5 2. Nc3 Nc6 3. g3 g6 4. Bg2 Bg7 5. e3 d6 6. Nge2 h5 7. h4 Be6 8. b3 Nge7 9. e4 Nd4 10. Nxd4 exd4 11. Nd5 c6 12. Nf4 Bg4 13. f3 Bd7 14. Bb2 c5 15. Nd5 Nxd5 16. exd5 0-0 17. Kf2 b5 18. d3 Re8 19. Re1 bxc4 20. dxc4 Qa5 21. f4 Re3 22. a3 Rae8 23. b4 Qa6 24. Qd2 Qxc4 25. Rac1 Qb5 26. Bf1 Qb7 27. bxc5 dxc5 28. Bc4 Bb5 29. Red1 Bxc4 30. Rxc4 Qxd5 0-1

[Event "IND-chB (Women) 41st"]
[Site "Mapusa"]
[Date "2014.09.10"]
[Round "6"]
[White "Lasya, Goli"]
[Black "Tarini, Goyal"]
[Result "1-0"]
[WhiteElo "2069"]
[BlackElo "1854"]
[PlyCount "81"]
[EventDate "2014.09.07"]
[EventType "swiss"]
[EventRounds "11"]
[EventCountry "IND"]
[SourceTitle "CBM 162 Extra"]
[Source "ChessBase"]
[SourceDate "2014.10.17"]
[SourceVersion "1"]
[SourceVersionDate "2014.10.17"]
[SourceQuality "1"]

1. e4 c5 2. Nc3 Nc6 3. f4 g6 4. Nf3 Bg7 5. Bb5 Nd4 6. 0-0 Nxb5 7. Nxb5 d6 8. d3 Bd7 9. Nc3 b5 10. Qe1 b4 11. Ne2 Nh6 12. a3 a5 13. h3 f5 14. e5 Nf7 15. d4 0-0 16. axb4 axb4 17. Rxa8 Qxa8 18. Be3 Rc8 19. c3 bxc3 20. Nxc3 c4 21. Bf2 Bc6 22. Bh4 Qa7 23. Kh1 Bxf3 24. Rxf3 dxe5 25. dxe5 e6 26. Qe2 Qa5 27. Bf6 Qb4 28. Rf1 Qa5 29. Rd1 Rc7 30. Bd8 Nxd8 31. Rxd8+ Kf7 32. Qd1 Bf8 33. Rd7+ Rxd7 34. Qxd7+ Be7 35. Nb5 Kf8 36. Nc7 Qe1+ 37. Kh2 Qf2 38. Qe8+ Kg7 39. Qxe7+ Kg8 40. Qxe6+ Kg7 41. Qxc4 1-0

[Event "Chennai op (Women)"]
[Site "Chennai"]
[Date "2013.11.13"]
[Round "10"]
[White "Ambartsumova, Karina"]
[Black "Lasya, Goli"]
[Result "1-0"]
[WhiteElo "2310"]
[BlackElo "2065"]
[PlyCount "63"]
[EventDate "2013.11.06"]
[EventType "swiss"]
[EventRounds "11"]
[EventCountry "IND"]
[SourceTitle "EXT 2014"]
[Source "ChessBase"]
[SourceDate "2013.11.20"]
[SourceVersion "1"]
[SourceVersionDate "2013.11.20"]
[SourceQuality "1"]

1. e4 c5 2. b3 Nc6 3. Bb2 d6 4. Nc3 Rb8 5. Bb5 Bd7 6. Nge2 Nf6 7. d4 cxd4 8. Nxd4 Qb6 9. Nd5 Qd8 10. Nxf6+ gxf6 11. 0-0 Nxd4 12. Bxd7+ Qxd7 13. Bxd4 b6 14. Qf3 Rg8 15. a4 Rc8 16. c4 Qb7 17. Qf5 Rg6 18. Qf3 a5 19. Qf5 Rb8 20. Rfb1 e6 21. Qf3 f5 22. b4 fxe4 23. Qe2 e5 24. Be3 axb4 25. Rxb4 d5 26. Rb5 f5 27. Rxd5 Qg7 28. Qh5 Qf6 29. Qxh7 Be7 30. Rxe5 Rxg2+ 31. Kxg2 Qxe5 32. Rd1 1-0